000 00760 a2200169 4500
003 Nust
005 20230120181002.0
040 _cNust
082 _a808.82,FER
100 _aFernald, John
_9107287
245 _aThe Play Produced
_bAn introduction to the technique of producing plays /
_cJohn Fernald
260 _aLondon
_bH.F.W. Deane & Sons
300 _a137:p
505 _aIntroduction (Page-1), The Producer and Playwright (Page-7), Dramatic Contrast in Production (Page-15), Dramatic Contrast (Page-39), Dramatic Contrast (Page-50), Interpretation in Production (Page-67), Form in Production (Page-92), Some Special Problems in the Production Of Comedy (Page-108), Production Practice (Page-126).
650 _aShort Story
_9107288
942 _2ddc
_cBK
999 _c186827
_d186827